Southville International School and Colleges
Your cart is empty.
  • Cart
  • Lists
    Public lists Eva Luna New books Lux_list list_1
    Your lists Log in to create your own lists
  • Log in to your account
  • Your cookies
  • Search history
Southville International School and Colleges
  • Advanced search
  • Recent comments
  • Most popular
  • Libraries

Log in to your account

Log in with GOOGLE


If you do not have an external account, but do have a local account, you can still log in:

  1. Home
  2. MARC view: Theory and practice of histological techniques /
Normal view MARC view ISBD view

Theory and practice of histological techniques / (Record no. 13812)

[ view plain ]
MARC details
000 -LEADER
fixed length control field 00687pam a2200241 a 4500
003 - CONTROL NUMBER IDENTIFIER
control field OSt
005 - DATE AND TIME OF LATEST TRANSACTION
control field 20140310182501.0
008 - FIXED-LENGTH DATA ELEMENTS--GENERAL INFORMATION
fixed length control field 890127s1990 stka b 001 0 eng
010 ## - LIBRARY OF CONGRESS CONTROL NUMBER
LC control number 89000650
020 ## - INTERNATIONAL STANDARD BOOK NUMBER
International Standard Book Number 9789812727893
040 ## - CATALOGING SOURCE
Original cataloging agency DLC
Transcribing agency DLC
Modifying agency DLC
050 ## - LIBRARY OF CONGRESS CALL NUMBER
Classification number QM 556
Item number .T396 2010
245 00 - TITLE STATEMENT
Title Theory and practice of histological techniques /
Statement of responsibility, etc edited by; John D. Bancroft, Marilyn Gamble
250 ## - EDITION STATEMENT
Edition statement 6th ed.
260 ## - PUBLICATION, DISTRIBUTION, ETC. (IMPRINT)
Place of publication, distribution, etc New York :
Name of publisher, distributor, etc Churchill Livingstone,
Date of publication, distribution, etc c2010.
300 ## - PHYSICAL DESCRIPTION
Extent 72 p. ;
Other physical details ill. ;
Dimensions 26 cm.
650 #0 - SUBJECT ADDED ENTRY--TOPICAL TERM
Topical term or geographic name as entry element Histology
General subdivision Technique.
9 (RLIN) 8683
700 1# - ADDED ENTRY--PERSONAL NAME
Personal name Gamble, Marilyn
9 (RLIN) 8679
942 ## - ADDED ENTRY ELEMENTS (KOHA)
Source of classification or shelving scheme Library of Congress Classification
Holdings
Withdrawn status Lost status Source of classification or shelving scheme Damaged status Home library Current library Shelving location Date acquired Total Checkouts Full call number Barcode Date last seen Date checked out Copy number Price effective from Koha item type Total Renewals
    Library of Congress Classification   South SEED-LPDH College Library College Library South SEED-LPDH College Section 08/13/2013 1 QM 556 .T396 2010 SSLC0037 07/24/2018 05/22/2018 1 08/13/2013 Books 6
    Library of Congress Classification   South SEED-LPDH College Library South SEED-LPDH College Library South SEED-LPDH College Section 08/07/2013 1 RB 43 .B213 2010 SSLC0278 05/15/2018 06/03/2014 1 08/07/2013 Books  
    Library of Congress Classification   South SEED-LPDH College Library South SEED-LPDH College Library South SEED-LPDH College Section 08/08/2013 1 QM 556 .T396 2010 SSLC0036 05/15/2018 06/03/2014 1 08/08/2013 Books 1

Theory and practice of histological techniques /

APA

Gamble M., . (2010). Theory and practice of histological techniques. New York: Churchill Livingstone.

Chicago

Gamble Marilyn, . 2010. Theory and practice of histological techniques. New York: Churchill Livingstone.

Harvard

Gamble M., . (2010). Theory and practice of histological techniques. New York: Churchill Livingstone.

MLA

Gamble Marilyn, . Theory and practice of histological techniques. New York: Churchill Livingstone. 2010.

  • Place hold
  • Print
  • Cite
  • Add to your cart (remove)
  • Save record
    BIBTEX Dublin Core MARCXML MARC (non-Unicode/MARC-8) MARC (Unicode/UTF-8) MARC (Unicode/UTF-8, Standard) MODS (XML) RIS
  • More searches
    Search for this title in:
    Other Libraries (WorldCat) Other Databases (Google Scholar) Online Stores (Bookfinder.com) Open Library (openlibrary.org)

Exporting to Dublin Core...

SOUTHVILLE LIBRARY

Southville International School and Colleges Library

1281 Tropical Ave. Cor. Luxembourg St., BF Homes International, Las Pinas City

Tel. No. 8256374 / 252358 Loc. 117/146

Powered by Koha